000
00258nam a22001097a 4500
008
170111b xxu||||| |||| 00| 0 eng d
020
_a
9780397554607
041
_a
eng
080
_a
618.2
245
_a
COMMUNITY HEALTH NURSING
_c
MVKINNON, T.H
942
_2
udc
_c
BK
999
_c
2693
_d
2693